000
00495nam a2200181Ia 4500
008
100917s9999 xx 000 0 und d
082
_b
2455
100
_a
गांधी महात्मा
245
_a
नितिधर्म
260
_b
---
_c
1932
300
_a
36
365
_b
0.36
520
_a
नीतिशास्त्र
630
_a
नितिधर्म
650
_a
नीतिशास्त्र
730
_a
नितिधर्म
942
_c
BOOK
999
_c
607849
_d
607846